LEADER 00965cam0-2200337---450- 001 990005479820403321 005 20101102151554.0 035 $a000547982 035 $aFED01000547982 035 $a(Aleph)000547982FED01 035 $a000547982 100 $a19990604e19681681km-y0itay50------ba 101 0 $afre 102 $aGB 105 $ay-------000yy 200 1 $aDissertation sur les ouvrages des plus fameux peintres$fRoger de Piles 210 $aFarnborough$cGregg INternational$d1968 215 $a140, 38, p.$d17 cm 300 $aRipr. facs. dell'ed. Parigi 1681 610 0 $aPittura 610 0 $aRubens, Peter Paul 676 $a759 676 $a759.49 700 1$aPiles,$bRoger De$0211998 801 0$aIT$bUNINA$gRICA$2UNIMARC 901 $aBK 912 $a990005479820403321 952 $a759 PIL 1$bST. ARTE 10632$fFLFBC 959 $aFLFBC 996 $aDissertation sur les ouvrages des plus fameux peintres$9587355 997 $aUNINA LEADER 01681nam 2200361 n 450 001 996384429703316 005 20221108032552.0 035 $a(CKB)1000000000585633 035 $a(EEBO)2240908817 035 $a(UnM)99847044 035 $a(EXLCZ)991000000000585633 100 $a19911116d1553 uy | 101 0 $aeng 135 $aurbn||||a|bb| 200 04$aThe prayer of kynge Edwarde the syxte, whiche he made the .vi. of Iuly, Anno. M.D, Liii. and vii. of his reygne, thre houres afore his death, to hym self, his eyes beynge closed, and thynkyng none had heard him. The syxtenth yeare of his age ..$b[electronic resource] 210 $aPrynted at London $cIn Powls Churcheyarde by Rycharde Iugge, dwellynge at the North dore of Powles Churche, at the sygne of the Byble$d[1553] 215 $a1 sheet $cport 300 $aCaption title. 300 $aDate of publication from STC. 300 $aAt end of list of witnesses: God saue the Quene. 300 $aAt foot of page: Cum priuilegio ad imprimendum solum. 300 $aReproduction of the original in the Bodleian Library. 330 $aeebo-0014 700 $aEdward$cKing of England,$f1537-1553.$01002269 712 02$aEngland and Wales.$bSovereign (1547-1553 : Edward VI) 801 0$bCu-RivES 801 1$bCu-RivES 801 2$bCStRLIN 801 2$bWaOLN 906 $aBOOK 912 $a996384429703316 996 $aThe prayer of kynge Edwarde the syxte, whiche he made the .vi. of Iuly, Anno. M.D, Liii. and vii. of his reygne, thre houres afore his death, to hym self, his eyes beynge closed, and thynkyng none had heard him. The syxtenth yeare of his age .$92404334 997 $aUNISA LEADER 01505nam a2200349 i 4500 001 991001193369707536 005 20020507184955.0 008 950721s1983 us ||| | eng 020 $a3764331259 035 $ab10813779-39ule_inst 035 $aLE01308491$9ExL 040 $aDip.to Matematica$beng 082 0 $a519.4 084 $aAMS 65-06 100 1 $aDeuflhard, Peter$067060 245 10$aNumerical treatment of inverse problems in differential and integral equations :$bproceedings of an international workshop, Heidelberg, Fed. Rep. of Germany, August 30-September 3, 1982 /$cP. Deuflhard, E. Hairer, editors 260 $aBoston :$bBirkhauser,$c1983 300 $axiii, 357 p. :$bill. ;$c24 cm. 490 0 $aProgress in scientific computing ;$v2 500 $aIncludes bibliographical references 650 4$aDifferential equations$xCongresses 650 4$aIntegral equations$xCongresses 650 4$aInverse problems 650 4$aInverse problems$xCongresses 650 4$aNumerical solutions$xCongresses 700 1 $aHairer, Ernst$eauthor$4http://id.loc.gov/vocabulary/relators/aut$021071 907 $a.b10813779$b13-06-22$c28-06-02 912 $a991001193369707536 945 $aLE013 65-XX DEU11 (1983)$g1$i2013000032870$lle013$o-$pE0.00$q-$rl$s- $t0$u2$v0$w2$x0$y.i10919454$z28-06-02 996 $aNumerical treatment of inverse problems in differential and integral equations$91455860 997 $aUNISALENTO 998 $ale013$b01-01-95$cm$da $e-$feng$gus $h0$i1 LEADER 04028nam 2200637Ia 450 001 9910162810803321 005 20260331110053.0 010 $a9798400631825 010 $a9798216066101 010 $a9781440828348 010 $a1440828342 024 7 $a10.5040/9798400631825 035 $a(OCoLC)958963155 035 $a(MiFhGG)GVRL3CIB 035 $a(UkLoBP)BP9798400631825BC 035 $a(CKB)3710000001042542 035 $a(MiAaPQ)EBC4791408 035 $a(MiFhGG)9781440828348 035 $a(Perlego)4164548 035 $a(MiFhGG)9781440828331 035 $a(EXLCZ)993710000001042542 100 $a20230710d2023 uy 0 101 0 $aeng 135 $aurun|---uuuua 181 $2rdacontent 182 $2rdamedia 183 $2rdacarrier 200 00$aConventional and Unconventional War $eA History of Conflict in the Modern World /$fThomas R. Mockaitis 205 $a1st ed. 210 1$aWestport, CT :$cPraeger,$d2017. 210 2$aNew York :$cBloomsbury Publishing (US),$d2023. 215 $a1 online resource (viii, 369 pages) $cillustrations, maps 225 0 $aGale eBooks 311 08$a9781440828331 311 08$a1440828334 320 $aIncludes bibliographical references and index. 327 $aIntroduction Chapter 1 The Military Transformation of Early Modern Europe Chapter 2 An Era of Limited War Chapter 3 The Era of Revolutionary Wars: North America Chapter 4 French Revolution and Napoleonic Wars Chapter 5 Industrialization and the American Civil War Chapter 6 Prussian Military Reforms and the Wars of German Unification Chapter 7 The Long Peace Chapter 8 World War I Chapter 9 The Interwar Period Chapter 10 World War II in Europe Chapter 11 World War II in Asia Chapter 12 The Cold War: A New Era of Limited Conflicted? Chapter 13 Conflict in the Post-Cold War World Conclusion: The New Security Environment and the Future of Warfare Notes Bibliography Index 330 $aThis volume offers a comprehensive history of warfare since 1648, covering conventional and unconventional operations and demonstrating how most modern wars have been hybrid affairs that involved both. The book uses a broad range of conflicts to explore the societal forces that have shaped wars. Written by noted military historian Thomas R. Mockaitis, this book explores conventional and unconventional conflicts and considers the relationships between them. It considers how epic struggles like the American Civil War, World Wars I and II, and the conflicts in the Middle East, among many others, shaped human history. The coverage serves to highlight four themes: the relationship between armed forces and the societies that create them; the impact of technology (not just armaments) on warfare; the role of ideas and attitudes towards violence in determining why and how wars are fought; and the relationship between conventional and unconventional operations. The book also covers the advent and evolution of unconventional warfare, including counterinsurgency, the War on Terror, and current conflicts in the Middle East. It concludes with consideration of the forms armed conflict will take in the future. The book includes valuable excerpts from the writings of military thinkers such as Clausewitz and Sun Tzu, an extensive bibliography of primary and secondary sources, and supporting maps and diagrams. 606 $aPolitics & government 606 $aMilitary art and science$xHistory 606 $aAsymmetric warfare$xHistory 606 $aWar$xHistory 606 $aMilitary history, Modern 615 7$aPolitics & government 615 0$aMilitary art and science$xHistory. 615 0$aAsymmetric warfare$xHistory. 615 0$aWar$xHistory. 615 0$aMilitary history, Modern. 676 $a355.0209 700 $aMockaitis$b Thomas R.$01351647 801 0$bUkLoBP 801 1$bUkLoBP 906 $aBOOK 912 $a9910162810803321 996 $aConventional and unconventional war$93503740 997 $aUNINA